William Morrison Supermarkets plc v SoS Environment Transport and the Regions and Stockton on Tees BC (Record no. 65533)

MARC details
000 -LEADER
fixed length control field 00993cam a2200193 4500
008 - FIXED-LENGTH DATA ELEMENTS--GENERAL INFORMATION
fixed length control field 000000n2000 000 0 eng u
035 ## - SYSTEM CONTROL NUMBER
System control number (Sirsi) u109816
245 ## - TITLE STATEMENT
Title William Morrison Supermarkets plc v SoS Environment Transport and the Regions and Stockton on Tees BC
260 ## - PUBLICATION, DISTRIBUTION, ETC.
Date of publication, distribution, etc. 2000
490 ## - SERIES STATEMENT
Series statement Journal of Planning and Environment Law
Volume/sequential designation [2000] JPL 1139-1154(16)
520 ## - SUMMARY, ETC.
Summary, etc. QBD 18 April 2000. Material considerations. Town and Country Planning act 1990. SoS considered representations after public inquiry but before his decision. Applicant not given opportunity to comment on representations. (Taken from headnote)
650 ## - SUBJECT ADDED ENTRY--TOPICAL TERM
Topical term or geographic name entry element WILLIAM MORRISON SUPERMARKETS PLC V SOS ENVIRONMENT TRANSPORT AND REGIONS AND STOCKTON ON TEES BC
650 ## - SUBJECT ADDED ENTRY--TOPICAL TERM
Topical term or geographic name entry element TOWN AND COUNTRY PLANNING ACT 1990 S70
650 ## - SUBJECT ADDED ENTRY--TOPICAL TERM
Topical term or geographic name entry element TOWN AND COUNTRY PLANNING ACT 1990 S54A
650 ## - SUBJECT ADDED ENTRY--TOPICAL TERM
Topical term or geographic name entry element MATERIAL CONSIDERATIONS
650 ## - SUBJECT ADDED ENTRY--TOPICAL TERM
Topical term or geographic name entry element OUT-OF-TOWN SUPERSTORES
690 ## - LOCAL SUBJECT ADDED ENTRY--TOPICAL TERM (OCLC, RLIN)
Topical term or geographic name as entry element Planning and development
9 (RLIN) 6259
942 ## - ADDED ENTRY ELEMENTS (KOHA)
Suppress in OPAC 0
Holdings
Withdrawn status Lost status Source of classification or shelving scheme Damaged status Not for loan Home library Current library Shelving location Date acquired Total Checkouts Barcode Date last seen Copy number Price effective from Koha item type
    Dewey Decimal Classification     London London Journals 06/12/2000   109816-1001 06/08/2019 1 06/08/2019 Law report